[Event "RUS-Cup7"]
[Site "Kstovo"]
[Date "1997.05.01"]
[Round "1"]
[White "Ananchenko, Igori"]
[Black "Varavin, Viktor"]
[Result "0-1"]
[WhiteElo "2290"]
[BlackElo "2505"]

1.d4 Nf6 2.Nf3 d6 3.c4 Nbd7 4.Nc3 e5 5.e4 g6 6.Be2 Bg7 7.O-O O-O 8.Qc2 c6
9.Rd1 Qe7 10.b4 exd4 11.Nxd4 Re8 12.f3 Nh5 13.g4 Nhf6 14.Bf4 h5 15.Nf5 gxf5
16.Bxd6 Qd8 17.gxf5 Nh7 18.Rab1 Qf6 19.Rb3 Ne5 20.Kh1 Bh6 21.Bf1 Nxf3 22.Qg2+ Nhg5
23.Bg3 Nd4 24.e5 Rxe5 25.Rxd4 Bxf5 26.Bf4 Bh3 27.Qg3 h4 28.Qf2 Bxf1 29.Qxf1 Rae8
30.Qf2 Re1+ 31.Kg2 Qf5 32.Qxh4 Rg1+ 33.Kf2 Nh3+ 34.Kf3 Rf1+ 35.Kg2 Rg1+ 36.Kf3 Bxf4
37.Ne2 Bg5+ 38.Rf4 Nxf4 39.Ng3 Bxh4 40.Nxf5 Rf1+  0-1

[Event "RUS-Cup7"]
[Site "Kstovo"]
[Date "1997.05.04"]
[Round "4"]
[White "Ulibin, Mikhail"]
[Black "Poluljahov, Aleksandr"]
[Result "0-1"]
[WhiteElo "2555"]
[BlackElo "2510"]

1.d4 Nf6 2.c4 g6 3.Nc3 Bg7 4.e4 d6 5.Be2 O-O 6.Nf3 e5 7.O-O exd4 8.Nxd4 Re8
9.f3 c6 10.Kh1 Nh5 11.g4 Nf6 12.Bf4 h5 13.g5 Nh7 14.Qd2 Na6 15.Rad1 Qe7 16.Rg1 Nf8
17.a3 Bd7 18.Ndb5 d5 19.Nd6 d4 20.Nxe8 Rxe8 21.Na2 Ne6 22.Nc1 Nxf4 23.Qxf4 Nc5
24.b4 Na4 25.Nb3 Nc3 26.Rd2 b6 27.Bd3 Be5 28.Qh4 a5 29.f4 Bg7 30.f5 Be5 31.f6 Qf8
32.Bc2 c5 33.bxa5 bxa5 34.Nxa5 Bc7 35.Nb3 Bc6 36.Re1 Re5 37.Rg2 Qd8 38.Bd3 Qa8
39.Nd2 Qxa3 40.Nf3 Re8 41.Nd2 Nd1 42.Be2 Ne3 43.Rf2 Qc3 44.Bf3 Ra8 45.Rg1 Re8
46.Bxh5 Qxd2  0-1

[Event "RUS-Cup7"]
[Site "Kstovo"]
[Date "1997.05.06"]
[Round "6"]
[White "Gleizerov, Evgeny"]
[Black "Poluljahov, Aleksandr"]
[Result "1/2-1/2"]
[WhiteElo "2545"]
[BlackElo "2510"]

1.d4 Nf6 2.c4 g6 3.Nc3 Bg7 4.e4 d6 5.Nf3 O-O 6.Be2 e5 7.O-O Nh5 8.dxe5 dxe5
9.Qxd8 Rxd8 10.Bg5 Rd7 11.g3 Nc6 12.Nd5 h6 13.Bd2 Kh7 14.Rfe1 Nf6 15.Bf1 Ne8
16.Bh3 Rd8 17.Bxc8 Raxc8 18.Bc3 Rd7 19.b4 Nd4 20.Bxd4 exd4 21.Rad1  1/2-1/2

[Event "RUS-ch m3-4"]
[Site "Elista"]
[Date "1997.05.21"]
[Round "1.3"]
[White "Aseev, Konstantin N"]
[Black "Pigusov, Evgeny"]
[Result "1-0"]
[WhiteElo "2530"]
[BlackElo "2565"]

1.d4 Nf6 2.c4 g6 3.Nc3 Bg7 4.e4 d6 5.Nf3 O-O 6.Be2 Nbd7 7.O-O e5 8.Re1 Re8
9.Bf1 exd4 10.Nxd4 c6 11.Bf4 Nc5 12.Qc2 Nh5 13.Be3 Bd7 14.Rad1 Qf6 15.Nb3 Qe7
16.Nxc5 dxc5 17.Bxc5 Qxc5 18.Rxd7 b6 19.Qd2 Be5 20.g3 Nf6 21.Na4 Qf8 22.Rd3 Rad8
23.f4 Rxd3 24.Bxd3 Bd4+ 25.Kg2 Rd8 26.a3 h5 27.Re2 h4 28.e5 Nh5 29.Nc3 Bxc3
30.Qxc3 Qe7 31.Be4 Qe6 32.Bf3 Ng7 33.c5 h3+ 34.Kf2 Nf5 35.cxb6 axb6 36.Rd2 Rxd2+
37.Qxd2 Qb3 38.g4 Nh4 39.Qd8+  1-0

[Event "Chicago op"]
[Site "Chicago"]
[Date "1997.05.26"]
[Round "6"]
[White "Psakhis, Lev"]
[Black "Manion, Josh"]
[Result "1-0"]
[WhiteElo "2610"]
[BlackElo "2365"]

1.d4 Nf6 2.c4 g6 3.Nc3 Bg7 4.e4 d6 5.Be2 O-O 6.Nf3 e5 7.O-O exd4 8.Nxd4 Re8
9.f3 Nc6 10.Be3 Nh5 11.Qd2 Nf4 12.Rfd1 Nxe2+ 13.Ncxe2 Bd7 14.Rac1 a6 15.b3 Ne5
16.Nc3 Rb8 17.Nde2 Be6 18.Nd5 c5 19.Bg5 f6 20.Bh6 Bxh6 21.Qxh6 Bxd5 22.Rxd5 b5
23.Qd2 Nf7 24.Ng3 bxc4 25.Rxc4 a5 26.Nf1 Rb4 27.Ne3 Qc7 28.h3 Ra8 29.Rc1 Qa7
30.Kh1 a4 31.Rd3 axb3 32.axb3 Qb7 33.Qc3 Ra3 34.Rb1 Ne5 35.Rxd6 Rbxb3 36.Rxb3 Qxb3
37.Qxc5 Nf7 38.Nd5 Nxd6 39.Qxd6 Ra7 40.Qd8+ Kg7 41.Qxf6+ Kh6 42.Ne7 Ra5 43.e5 Qb1+
44.Kh2 Qc2 45.Ng8+ Kh5 46.h4 Qd2 47.Kh3  1-0

[Event "Villa Martelli"]
[Site "Villa Martelli"]
[Date "1997.06.10"]
[Round "10"]
[White "Slipak, Sergio"]
[Black "Milos, Gilberto"]
[Result "1/2-1/2"]
[WhiteElo "2505"]
[BlackElo "2605"]

1.d4 Nf6 2.Nf3 g6 3.c4 Bg7 4.Nc3 O-O 5.e4 d6 6.Be2 e5 7.d5 a5 8.Be3 Ng4 9.Bg5 f6
10.Bd2 Na6 11.O-O Nc5 12.Ne1 f5 13.Bxg4 fxg4 14.Be3 Qe7 15.Nd3 b6 16.Nxc5 bxc5
17.f3 gxf3  1/2-1/2

[Event "Shavuot Masters"]
[Site "Tel Aviv"]
[Date "1997.06.13"]
[Round "7"]
[White "Vovsha, Eli"]
[Black "Shabtai, Ran"]
[Result "1/2-1/2"]
[WhiteElo "2205"]
[BlackElo "2330"]

1.Nf3 Nf6 2.c4 g6 3.Nc3 Bg7 4.e4 d6 5.d4 O-O 6.Be2 e5 7.O-O Nh5 8.Re1 Bg4
9.d5 Nd7 10.g3 h6 11.Kg2 f5 12.Nh4 Bxe2 13.Qxe2 Qe8 14.Nb5 Rc8 15.Nxa7 Ra8
16.Nb5 Rc8 17.Bd2 Bf6 18.Nf3 Kh7 19.Qe3 Bg7 20.exf5 gxf5 21.Qa7 e4 22.Nfd4 Nc5
23.Ne6 Nxe6 24.dxe6 Qxe6 25.Rac1  1/2-1/2

[Event "Vier Laenderkampf"]
[Site "Schoeneck"]
[Date "1997.06.??"]
[Round "3"]
[White "Molinaroli, Martin"]
[Black "Duncker, Joachim"]
[Result "1-0"]
[WhiteElo "2265"]
[BlackElo "2210"]

1.c4 g6 2.Nf3 Bg7 3.d4 Nf6 4.Nc3 O-O 5.e4 d6 6.Be2 e5 7.dxe5 dxe5 8.Qxd8 Rxd8
9.Bg5 Re8 10.Nd5 Nxd5 11.cxd5 c6 12.Bc4 Nd7 13.dxc6 bxc6 14.Rc1 Rb8 15.Bb3 Rb4
16.O-O Nb8 17.Be3 Be6 18.Bxe6 Rxe6 19.b3 Re8 20.Nd2 Rb7 21.Nc4 Rd8 22.Na5 Rc7
23.Rfd1 Rcd7 24.Rxd7 Rxd7 25.Kf1 Rc7 26.Rd1 Bf6 27.Bc5 Nd7 28.Bd6 Rc8 29.Rc1 c5
30.b4 Bd8 31.Nb7 Bg5 32.Rc2 c4 33.Na5 c3 34.b5 a6 35.bxa6 Ra8 36.Nc4 Rxa6
37.Rxc3 Rxa2 38.Nxe5 Ra1+ 39.Ke2 Ra2+ 40.Kf1 Ra1+ 41.Ke2 Ra2+ 42.Kf3 Nxe5+
43.Bxe5 Ra8 44.g3 Bh6 45.Bf6 Bf8 46.g4 h6 47.e5 Ra3 48.Rxa3 Bxa3 49.h4 h5
50.gxh5 gxh5 51.Kf4 Bc1+ 52.Kf5 Kh7 53.Bg5 Ba3 54.Kf6 Kg8 55.Bf4 Kf8 56.Kg5 Ke7
57.Kxh5 Ke6 58.Kg4 Bf8 59.Bg3 f6 60.exf6 Kxf6  1-0

[Event "CZE-ch"]
[Site "Zlin"]
[Date "1997.06.??"]
[Round "1"]
[White "Cvek, Robert"]
[Black "Movsesian, Sergei"]
[Result "0-1"]
[WhiteElo "2340"]
[BlackElo "2630"]

1.d4 Nf6 2.Nf3 d6 3.c4 g6 4.Nc3 Bg7 5.e4 O-O 6.Be2 Nbd7 7.O-O e5 8.d5 Qe7
9.Bg5 h6 10.Bh4 c5 11.Ne1 a6 12.a3 b6 13.Rb1 Qe8 14.b4 Rb8 15.Nd3 Nh7 16.a4 Bf6
17.Bxf6 Nhxf6 18.Qc1 Kg7 19.f4 cxb4 20.Rxb4 a5 21.Rb1 Ba6 22.fxe5 dxe5 23.Nf2 Qe7
24.Nb5 Nc5 25.Qc2 Ne8 26.Bf3 Bxb5 27.Rxb5 Nd6 28.Rbb1 Rfc8 29.Rfc1 Qg5 30.Kh1 h5
31.Ra1 Rc7 32.Ra3 Rbc8 33.Rc3 Na6 34.Qe2 Nb4 35.g3 Rc5 36.Kg2 b5 37.axb5 Nxb5
38.cxb5 Rxc3 39.Rxc3 Rxc3 40.b6 Rc2 41.h4 Rxe2 42.hxg5 Rb2  0-1

[Event "Politiken Cup"]
[Site "Copenhagen"]
[Date "1997.07.07"]
[Round "3"]
[White "El Kher, Henrik"]
[Black "Hejberg, Carsten"]
[Result "1-0"]
[WhiteElo "2305"]
[BlackElo "2120"]

1.d4 Nf6 2.c4 g6 3.Nc3 Bg7 4.e4 d6 5.Nf3 O-O 6.Be2 e5 7.d5 a5 8.Bg5 h6 9.Bh4 Qe8
10.Nd2 Nh7 11.O-O Na6 12.a3 Bd7 13.b3 f5 14.f3 g5 15.Bf2 f4 16.b4 axb4 17.axb4 Qg6
18.c5 Nxb4 19.Qb3 Na6 20.c6 bxc6 21.Rxa6 cxd5 22.Rxa8  1-0

[Event "Politiken Cup"]
[Site "Copenhagen"]
[Date "1997.07.07"]
[Round "3"]
[White "Jakobsen, Ole"]
[Black "Salov, Sergei"]
[Result "1/2-1/2"]
[WhiteElo "2370"]
[BlackElo "2275"]

1.d4 Nf6 2.c4 d6 3.Nc3 e5 4.Nf3 Nbd7 5.e4 g6 6.Be2 Bg7 7.O-O O-O 8.Re1 c6
9.Bf1 a5 10.h3 exd4 11.Nxd4 Nc5 12.Nb3 Ne6 13.Be3 a4 14.Nd4 Nc5 15.Qc2 Re8
16.f3 Nh5 17.Rad1 Be5 18.Nde2 Qf6 19.Bd4 a3 20.b4 Ne6 21.Bxe5 dxe5 22.Na4 Qg5
23.Kh2 Nef4 24.Nb6 Nxe2 25.Rxe2 Rb8 26.Nxc8 Rbxc8 27.Qc3 Qg3+ 28.Kh1 Rcd8
29.Red2 Rxd2 30.Qxd2 Nf4 31.Qe3 Ne6 32.Qxa3 Nd4 33.Qe3 Ra8 34.Rd2 Ra4 35.a3 b6
36.Kg1 g5 37.Rd3 c5 38.bxc5 bxc5 39.Rd2 Qf4 40.Qxf4 exf4 41.Ra2 Kg7 42.Kf2 Kf6
43.Ke1 Ke5 44.Kd2 h5 45.Bd3 f6 46.Kc3 Kd6 47.Ra1 Kc7 48.Ra2  1/2-1/2

[Event "Politiken Cup"]
[Site "Copenhagen"]
[Date "1997.07.10"]
[Round "6"]
[White "Thuesen, Mogens"]
[Black "Gullaksen, Eirik T"]
[Result "1/2-1/2"]
[WhiteElo "2235"]
[BlackElo "2320"]

1.d4 Nf6 2.c4 g6 3.Nc3 Bg7 4.e4 d6 5.Be2 O-O 6.Nf3 e5 7.dxe5 dxe5 8.Qxd8 Rxd8
9.Bg5 Re8 10.O-O-O Bg4 11.c5 Nbd7 12.b4 a5 13.a3 axb4 14.axb4 Ra3 15.Bd2 Rea8
16.Bc4 c6 17.h3 Bxf3 18.gxf3 Nh5 19.Kc2 Nf8 20.Bc1 Ra1 21.Kb2 R1a7 22.Be3 Bf6
23.Bh6 Bg7 24.Bg5 Bf6 25.Bh6 Nf4 26.h4 Rd8 27.Rxd8 Bxd8 28.Bxf4 exf4 29.Ne2 Bc7
30.h5 Kg7 31.Kb3 Ra8 32.Rh4 g5 33.Rg4 Kf6 34.Rg1 Nd7 35.Rd1 Ne5 36.Nc3 Rd8
37.Be2 Rxd1 38.Nxd1 Kg7 39.Nb2 Kh6 40.Nc4 Kxh5 41.b5 cxb5 42.Nxe5 Bxe5 43.Bxb5 Bd4
44.Kc4 Bxf2 45.Bd7 Kh4 46.e5 h5 47.Be8 Kg3 48.e6 fxe6 49.Bxh5 e5 50.Kd5 Bd4
51.Bg4 Kf2 52.Ke4 Ke2 53.Bc8 Bxc5 54.Bxb7 g4 55.fxg4 f3  1/2-1/2

[Event "Wch U20"]
[Site "Zagan"]
[Date "1997.07.14"]
[Round "1"]
[White "Kempinski, Robert"]
[Black "Ho, Andrew"]
[Result "1-0"]
[WhiteElo "2530"]
[BlackElo "2340"]

1.d4 Nf6 2.c4 g6 3.Nc3 Bg7 4.e4 d6 5.Nf3 O-O 6.Be2 e5 7.d5 a5 8.h3 Na6 9.Bg5 c6
10.Nd2 Bd7 11.O-O Qb8 12.b3 h6 13.Be3 cxd5 14.cxd5 b5 15.a4 Nc7 16.Qc2 Rc8
17.Qd3 bxa4 18.Nxa4 Bb5 19.Nc4 Nd7 20.Qd2 Bxc4 21.bxc4 Rf8 22.Rfb1 Qd8 23.Nb6 Nxb6
24.Bxb6 a4 25.c5 dxc5 26.d6 Rc8 27.Rd1 Qh4 28.dxc7 Qxe4 29.Bf3 Qc4 30.Bb7 Qe6
31.Qd6  1-0

[Event "Politiken Cup"]
[Site "Copenhagen"]
[Date "1997.07.15"]
[Round "10"]
[White "Eriksson, Anders"]
[Black "Petersen, Steen"]
[Result "0-1"]
[WhiteElo "2300"]
[BlackElo "2140"]

1.d4 Nf6 2.c4 g6 3.Nc3 Bg7 4.e4 d6 5.Nf3 O-O 6.Be2 e5 7.Be3 h6 8.O-O Ng4
9.Bc1 Nc6 10.d5 Ne7 11.Ne1 f5 12.Bxg4 fxg4 13.Be3 g5 14.c5 Ng6 15.g3 Nf4
16.gxf4 gxf4 17.Bd2 f3 18.cxd6 cxd6 19.Rc1 Bd7 20.a4 a6 21.Nb1 b5 22.Bb4 Rf4
23.Nd2 Bf8 24.Nd3 Rf7 25.b3 Qh4 26.Kh1 a5 27.Ba3 b4 28.Bb2 Be7 29.Nc4 Rg7
30.Qe1 Rg5 31.Ncxe5 Rh5 32.Nxf3 gxf3 33.Rg1+ Kf8  0-1

[Event "Wch U20 Girls"]
[Site "Zagan"]
[Date "1997.07.15"]
[Round "2"]
[White "Lomineishvili, Maia"]
[Black "Smokina, Karolina"]
[Result "1/2-1/2"]
[WhiteElo "2385"]
[BlackElo "2205"]

1.d4 Nf6 2.c4 g6 3.Nc3 Bg7 4.e4 d6 5.Be2 O-O 6.Nf3 e5 7.Be3 h6 8.O-O Nbd7
9.d5 Ng4 10.Bd2 f5 11.Ne1 Ngf6 12.exf5 gxf5 13.f4 e4 14.Nc2 a5 15.Be3 Nc5
16.Bd4 Qe7 17.Ne3 Kh7 18.Kh1 Bd7 19.Nb5 Ne8 20.Qd2 Bxb5 21.cxb5 Bxd4 22.Qxd4 Qf6
23.Rad1 b6 24.Qxf6 Rxf6 25.h3 Ng7 26.g4 Raf8 27.Ng2 fxg4 28.hxg4 h5 29.g5 R6f7
30.Kh2 Kg8 31.Rc1 Nf5 32.Rc3 Ne7 33.Rh3 Rh7 34.Ne3 Nf5 35.Nxf5 Rxf5 36.Bxh5 Rxd5
37.f5 Rd3 38.Rh4 Nd7 39.g6 Rh6 40.f6 Nxf6 41.Rxf6 Rd5 42.Rxe4 Rhxh5+ 43.Kg3 Kg7
44.Rf7+ Kxg6 45.Rxc7 Rd3+ 46.Kg4 Rg5+ 47.Kf4 Rf5+ 48.Kg4  1/2-1/2

[Event "Wch U20"]
[Site "Zagan"]
[Date "1997.07.15"]
[Round "2"]
[White "Ivanisevic, Ivan"]
[Black "Balogh, Tomas"]
[Result "1/2-1/2"]
[WhiteElo "2540"]
[BlackElo "2390"]

1.d4 Nf6 2.c4 g6 3.Nc3 Bg7 4.e4 d6 5.Nf3 O-O 6.Be2 e5 7.O-O exd4 8.Nxd4 Re8
9.f3 Nc6 10.Be3 Nh5 11.f4 Nf6 12.Bf3 Bg4 13.Bxg4 Nxg4 14.Qxg4 Nxd4 15.f5 Nxf5
16.Bg5 Bd4+ 17.Kh1 Ne3 18.Qh4 f6 19.Bxf6 Bxf6 20.Qxf6 Qd7 21.Qd4 Nc2  1/2-1/2

[Event "Politiken Cup"]
[Site "Copenhagen"]
[Date "1997.07.16"]
[Round "11"]
[White "El Kher, Henrik"]
[Black "Henrichsen, Jens"]
[Result "1-0"]
[WhiteElo "2305"]
[BlackElo "2100"]

1.d4 Nf6 2.c4 g6 3.Nc3 Bg7 4.Nf3 O-O 5.e4 d6 6.Be2 e5 7.d5 a5 8.h3 Na6 9.Bg5 Nc5
10.Nd2 c6 11.Qc2 h6 12.Be3 Bd7 13.Rc1 Nh5 14.Bxh5 gxh5 15.g4 Qe7 16.Ke2 Rab8
17.Rcg1 b5 18.g5 Kh8 19.gxh6 Bf6 20.Bxc5 dxc5 21.dxc6 Bxc6 22.cxb5 Bxb5+
23.Nxb5 Rxb5 24.Nc4 Rd8 25.Rd1 Rd4 26.Ne3 Qb7 27.b3 Rxe4 28.f3 Rd4 29.Qf5 Rf4
30.Qxh5 e4 31.Rhg1 c4 32.Nd5 exf3+ 33.Kf1 Rd4 34.Rxd4 Bxd4 35.Qg4 Qb8 36.Qxd4+  1-0

[Event "Wch U20 Girls"]
[Site "Zagan"]
[Date "1997.07.17"]
[Round "4"]
[White "Zielinska, Marta"]
[Black "Sergeeva, Maria"]
[Result "0-1"]
[WhiteElo "2335"]
[BlackElo "2165"]

1.d4 Nf6 2.Nf3 g6 3.c4 Bg7 4.Nc3 O-O 5.e4 d6 6.Be2 Nbd7 7.O-O e5 8.Be3 Re8
9.Qc2 Ng4 10.Bg5 f6 11.Bd2 Nf8 12.h3 exd4 13.Nxd4 Nh6 14.Rad1 Nf7 15.Be3 Ne6
16.Nb3 Bd7 17.Rfe1 Qc8 18.Nd4 Ne5 19.Nb3 Nc6 20.Qd2 Ng5 21.Bxg5 fxg5 22.Qxg5 a5
23.Nc1 Kh8 24.Bf1 a4 25.a3 Ra5 26.Rd5 Ra8 27.Rdd1 Be6 28.Qe3 Ra5 29.Qd2 Rf8
30.Nd5 Bd4 31.Nd3 b6 32.Kh1 Bg7 33.f4 Nd4 34.Re3 c6 35.Nxb6 Qa6 36.Nd5 cxd5
37.cxd5 Bg8 38.Ne5 Qa7 39.Nc4 Rc5 40.Nxd6 Rxf4 41.Rd3 Bh6 42.Qb4 Nc2 43.Qb7 Qxb7
44.Nxb7 Rc7 45.g3 Rf8 46.Rc3 Rxc3 47.bxc3 Ne3 48.Re1 Rxf1+ 49.Rxf1 Nxf1 50.Kg2 Nd2
51.Nc5 Bf8 52.Nxa4 Nxe4 53.c4 Bxa3 54.Nb6 Nd2 55.Kh2 Bf7  0-1

[Event "Komercni Banka op"]
[Site "Pardubice"]
[Date "1997.07.18"]
[Round "2"]
[White "Rychagov, Andrei"]
[Black "Khamatgaleev, Alexej"]
[Result "0-1"]
[WhiteElo "2495"]
[BlackElo "2380"]

1.d4 Nf6 2.c4 g6 3.Nc3 Bg7 4.e4 d6 5.Nf3 O-O 6.Be2 e5 7.O-O Nbd7 8.Re1 c6
9.Bf1 a5 10.h3 Re8 11.d5 Nc5 12.b3 Bd7 13.Ba3 Nh5 14.Rc1 Nf4 15.Rc2 Qb8 16.Rd2 Rd8
17.g3 Nh5 18.Bg2 Bh6 19.Rde2 Qa7 20.Nh2 Nxg3 21.Rc2 Nh5 22.Ng4 Bg7 23.Rd2 Qb8
24.Qf3 Nf4 25.Red1 Qc7 26.dxc6 Bxc6 27.Bxc5 dxc5 28.Nd5 Bxd5 29.cxd5 Bf8
30.a4 Bd6 31.Bf1 Qe7 32.Ne3 Rab8 33.Nc4 b6 34.Kh2 Kh8 35.Ne3 Rg8 36.Bb5 Rbf8
37.Rg1 f5 38.Bf1 Nh5 39.Nxf5 Rxf5  0-1

[Event "Wch U20"]
[Site "Zagan"]
[Date "1997.07.18"]
[Round "5"]
[White "Kempinski, Robert"]
[Black "Balogh, Tomas"]
[Result "1/2-1/2"]
[WhiteElo "2530"]
[BlackElo "2390"]

1.d4 Nf6 2.c4 g6 3.Nc3 Bg7 4.e4 d6 5.Nf3 O-O 6.Be2 e5 7.d5 a5 8.h3 Na6 9.Bg5 h6
10.Be3 Nd7 11.g4 Ndc5 12.Nd2 f5 13.gxf5 gxf5 14.Qc2 Qh4 15.a3 Bd7 16.O-O-O a4
17.Rdg1 Nb3+ 18.Nxb3 f4 19.Bd2 Qxf2 20.Qd1 Nc5 21.Kc2 f3 22.Bxh6 fxe2 23.Rxg7+ Kh8
24.Qd2 e1=Q 25.Rxe1 Qxd2+ 26.Kxd2 Rf6 27.Rxd7 Nxd7 28.Bg5 Rf3 29.Re3 Rf2+
30.Re2 Rf3 31.Re3 Rf2+  1/2-1/2

[Event "Wch U20"]
[Site "Zagan"]
[Date "1997.07.18"]
[Round "5"]
[White "Pedersen, Nicolai Vesterbaek"]
[Black "Blehm, Pawel"]
[Result "1-0"]
[WhiteElo "2300"]
[BlackElo "2400"]

1.d4 Nf6 2.c4 g6 3.Nc3 Bg7 4.e4 d6 5.Be2 O-O 6.Nf3 e5 7.d5 a5 8.Nd2 Na6 9.h4 h5
10.f3 c6 11.Nf1 cxd5 12.cxd5 Bd7 13.Be3 Nc5 14.Nd2 Nh7 15.g4 hxg4 16.fxg4 a4
17.g5 b5 18.Nxb5 Bxb5 19.Bxb5 Rb8 20.Bxc5 Rxb5 21.Ba3 f5 22.Qxa4 Rb8 23.Rf1 Qb6
24.Ke2 fxe4 25.Qxe4 Qa6+ 26.Qc4 Qb6 27.Rxf8+ Rxf8 28.Rf1 Rxf1 29.Nxf1 Nf8
30.Ne3 Kh7 31.Qe4 Kg8 32.Qc4 Kh7 33.Qe4 Kg8 34.Kf3 Qa6 35.Nc4 Qc8 36.Kg3 Qa6
37.b3 Qa7 38.Kg2 Qa6 39.Qe2 Qb5 40.Qd3 Nd7 41.Bxd6 Nb6 42.a4 Qd7 43.Qh3 Qb7
44.Qe6+ Kh7 45.h5 gxh5 46.Ne3  1-0

[Event "Wch U20"]
[Site "Zagan"]
[Date "1997.07.19"]
[Round "6"]
[White "Pedersen, Nicolai Vesterbaek"]
[Black "Pereyra Arcija, Diego"]
[Result "1-0"]
[WhiteElo "2300"]
[BlackElo "2460"]

1.d4 Nf6 2.c4 g6 3.Nc3 Bg7 4.e4 d6 5.Be2 O-O 6.Nf3 e5 7.d5 a5 8.Nd2 Na6 9.h4 Nc5
10.h5 Nxh5 11.Bxh5 Nd3+ 12.Kf1 gxh5 13.Qxh5 h6 14.Nf3 Nxc1 15.Rxc1 f5 16.Re1 c6
17.Nh4 fxe4 18.Nxe4 cxd5 19.cxd5 Ra6 20.Re3 Qe8 21.Nf6+ Bxf6 22.Rg3+ Bg7
23.Qxh6 Rf7 24.Nf5  1-0

[Event "Komercni Banka op"]
[Site "Pardubice"]
[Date "1997.07.23"]
[Round "7"]
[White "Gavrilov, Alexei"]
[Black "Donk, Merlijn Silvester"]
[Result "1-0"]
[WhiteElo "2445"]
[BlackElo "2310"]

1.d4 Nf6 2.c4 g6 3.Nc3 Bg7 4.e4 d6 5.Nf3 O-O 6.Be2 e5 7.O-O Na6 8.Rb1 exd4
9.Nxd4 Nc5 10.f3 a5 11.Ndb5 Ne6 12.Be3 Nd7 13.Qd2 f5 14.exf5 Rxf5 15.f4 Rf8
16.Bf3 Nf6 17.Rbd1 Kh8 18.c5 d5 19.Bxd5 c6 20.Bxe6 Bxe6 21.Nd6 Nd5 22.Bd4 Bxd4+
23.Qxd4+ Qf6 24.a3 b5 25.cxb6 Qxd4+ 26.Rxd4 Nxb6 27.Re1 Bb3 28.g3 Rab8 29.Re7 Nd5
30.Nxd5 Bxd5 31.Rd2 Rb3 32.Kf2 g5 33.f5 h5 34.Ra7 Rf6 35.Rd7 Rf8 36.Ke1 g4
37.Re2 Rfb8 38.Ree7 Rf3 39.Nf7+ Bxf7 40.Rxf7 Kg8 41.f6 Re8+ 42.Kd2 Rf2+ 43.Kd3 Ree2
44.Rg7+ Kf8 45.Rdf7+ Ke8 46.Ra7 Kf8 47.Rh7 Rd2+ 48.Kc3 Rc2+ 49.Kb3 Rxb2+
50.Ka4  1-0

[Event "Komercni Banka op"]
[Site "Pardubice"]
[Date "1997.07.25"]
[Round "9"]
[White "Ftacnik, Lubomir"]
[Black "Odesskij, Ilia"]
[Result "1-0"]
[WhiteElo "2585"]
[BlackElo "2430"]

1.d4 d6 2.Nf3 Nf6 3.c4 g6 4.Nc3 Bg7 5.e4 O-O 6.Be2 e5 7.O-O exd4 8.Nxd4 Re8
9.f3 Nc6 10.Be3 Nh5 11.Qd2 Nf4 12.Rfd1 Nxe2+ 13.Ncxe2 Ne5 14.Rac1 a6 15.b3 Bd7
16.Nc3 Rb8 17.h3 f6 18.a4 Nc6 19.Nde2 Be6 20.Nf4 Bf7 21.Ncd5 Ne7 22.Nc3 Nc6
23.Nce2 Qd7 24.Nd5 Ne7 25.a5 f5 26.Nec3 Nxd5 27.exd5 c5 28.dxc6 bxc6 29.Bb6 Re6
30.b4 Qb7 31.Bd4 Bf8 32.Rb1 Ree8 33.Qd3 Qc8 34.c5 dxc5 35.Bxc5 Bg7 36.Na4 Rd8
37.Qf1 Qe6 38.Bb6 Rxd1 39.Rxd1 Qb3 40.Qd3 Re8  1-0

[Event "Komercni Banka op"]
[Site "Pardubice"]
[Date "1997.07.25"]
[Round "9"]
[White "Surjadnji, Aleksej"]
[Black "Onoprienko, Vladimir"]
[Result "0-1"]
[WhiteElo "2440"]
[BlackElo "2310"]

1.Nf3 Nf6 2.c4 d6 3.d4 g6 4.Nc3 Bg7 5.e4 O-O 6.Be2 e5 7.d5 a5 8.Bg5 h6 9.Bh4 Na6
10.O-O Nc5 11.Nd2 Bd7 12.Rb1 Qb8 13.Kh1 Nh7 14.f3 h5 15.b3 Bh6 16.Bf2 Qd8
17.Qc2 h4 18.a3 Qg5 19.Rfd1 Nf6 20.Nf1 Nh5 21.Nb5 Nf4 22.Ne3 a4 23.b4 Nb3
24.Bf1 Rac8 25.Qc3 f5 26.Qe1 Nh5 27.exf5 gxf5 28.Nc2 h3 29.g3 f4 30.g4 Ng3+
31.hxg3 fxg3 32.Bxg3 Rxf3 33.Rd3 Nd2 34.Rxf3 Nxf3 35.Qc3 Nd2 36.Re1 Bxg4
37.Bf2 Nxf1  0-1

[Event "Komercni Banka op"]
[Site "Pardubice"]
[Date "1997.07.25"]
[Round "9"]
[White "Neumann, Peter"]
[Black "Rasik, Vitezslav"]
[Result "1/2-1/2"]
[WhiteElo "2385"]
[BlackElo "2465"]

1.d4 Nf6 2.c4 g6 3.Nc3 Bg7 4.e4 d6 5.Nf3 O-O 6.Be2 Nbd7 7.O-O e5 8.Be3 c6
9.d5 c5 10.Ne1 Ne8 11.Rb1 Qe7 12.Nd3 Nb6 13.Nc1 f5 14.f3 Nf6 15.b4 cxb4 16.Rxb4 Nbd7
17.Nd3 b6 18.Rb2 Bb7 19.a4 Rfc8 20.Qb3 Rab8 21.Rfb1 Qf8 22.Qa2 Bh6 23.Bf2 fxe4
24.fxe4 Ba6 25.Nb4 Bb7 26.a5 Nc5 27.Bf3 Qe7 28.Ra1 Rf8 29.Qb1 Nh5 30.axb6 axb6
31.Nd3 Nxd3 32.Qxd3 Nf4 33.Qd1 Qg5 34.Kh1 Bc8 35.Rxb6 Bd7 36.Rxb8 Rxb8 37.Rb1 Rf8
38.Rb7 Bc8 39.Rb2 Ba6 40.Nb5 Nd3 41.Ra2 Bxb5 42.cxb5  1/2-1/2

[Event "Wch U20"]
[Site "Zagan"]
[Date "1997.07.25"]
[Round "11"]
[White "Kelly, Bryan"]
[Black "Podkriznik, Gregor"]
[Result "1/2-1/2"]
[WhiteElo "2390"]
[BlackElo "2295"]

1.c4 g6 2.Nc3 Bg7 3.d4 Nf6 4.e4 d6 5.Nf3 O-O 6.Be2 e5 7.O-O Na6 8.Be3 Ng4
9.Bg5 Qe8 10.h3 h6 11.Bh4 Nf6 12.d5 Nh5 13.Ne1 Nf4 14.Nd3 f5 15.exf5 g5 16.Bg3 Bxf5
17.Bxf4 exf4 18.Bh5 Qd7 19.Re1 Bxc3 20.bxc3 Qh7 21.Nb2 Nc5 22.Qd4 Nd7 23.Rad1 b6
24.Nd3 Nf6 25.Be2 a5 26.Nc1 Rae8 27.Bd3 Bxd3 28.Nxd3 Qf5 29.f3 Kf7 30.Kf2 Nd7
31.Rxe8 Rxe8 32.Re1 Rxe1 33.Kxe1 Ne5 34.Kd2 Qxd3+ 35.Qxd3 Nxd3 36.Kxd3 Kg6
37.a4 Kf5 38.Kd4 h5 39.Kd3 Ke5 40.Kd2 Kf5 41.Kd3 Ke5  1/2-1/2

[Event "Wch U20"]
[Site "Zagan"]
[Date "1997.07.25"]
[Round "11"]
[White "Ho, Andrew"]
[Black "Pihlajasalo, Hannu"]
[Result "1/2-1/2"]
[WhiteElo "2340"]
[BlackElo "2185"]

1.d4 Nf6 2.c4 g6 3.Nc3 Bg7 4.e4 d6 5.Be2 O-O 6.Nf3 e5 7.dxe5 dxe5 8.Qxd8 Rxd8
9.Bg5 Rf8 10.Nd5 Nxd5 11.cxd5 c6 12.Bc4 b5 13.Bb3 Bb7 14.O-O a5 15.a4 cxd5
16.exd5 bxa4 17.Rxa4 Nd7 18.Ra2 Nb6 19.Be7 Rfe8 20.d6 a4 21.Bc2 Bd5 22.Raa1 e4
23.Nd2 Bxb2 24.Rab1 a3 25.Nxe4 Bxe4 26.Bxe4 a2 27.Rxb2 a1=Q 28.Rxb6 Qd4 29.Bxa8 Qxb6
30.Bd5 Qc5 31.Rd1 Rxe7 32.dxe7 Qxe7 33.g3 Kg7 34.Kg2 f5 35.Bf3  1/2-1/2

[Event "Wch U20"]
[Site "Zagan"]
[Date "1997.07.26"]
[Round "12"]
[White "Ivanisevic, Ivan"]
[Black "Movsesian, Sergei"]
[Result "0-1"]
[WhiteElo "2540"]
[BlackElo "2555"]

1.d4 Nf6 2.c4 g6 3.Nc3 Bg7 4.e4 d6 5.Nf3 O-O 6.Be2 Nbd7 7.O-O e5 8.Qc2 Qe7
9.Be3 c6 10.d5 c5 11.Nd2 h5 12.Bg5 a6 13.Rae1 Qe8 14.Qd1 Nh7 15.Be3 Qe7 16.Bd3 h4
17.f4 exf4 18.Bxf4 Ne5 19.Nf3 h3 20.Qd2 hxg2 21.Kxg2 Bd7 22.Rf2 Rae8 23.Nxe5 Bxe5
24.Bxe5 Qxe5 25.Qf4 Qe7 26.Rfe2 Nf6 27.e5 Nh5 28.Qd2 Qh4 29.Re4 Qh3+ 30.Kg1 Rxe5
31.Rxe5 dxe5 32.Rxe5 Qg4+ 33.Kf1 Qf3+ 34.Ke1 Qh1+ 35.Bf1 Bh3 36.Qf2 Bxf1
37.Qxf1 Qxh2 38.Qe2 Qh4+ 39.Kd1 Ng3 40.Qd3 Nf5 41.Re4 Qh2 42.Kc1 Nd6 43.Re7 Qh4
44.Rd7 Qg4 45.Rc7 Re8 46.b3 Qf4+ 47.Qd2 Qg3 48.Rd7 b5 49.Ra7 bxc4 50.Rxa6 cxb3
51.axb3 Rb8 52.Rc6 Rxb3 53.Rxc5 Ne4 54.Rc8+ Kh7  0-1

[Event "Wch U20"]
[Site "Zagan"]
[Date "1997.07.26"]
[Round "12"]
[White "Gyimesi, Zoltan"]
[Black "Kempinski, Robert"]
[Result "1/2-1/2"]
[WhiteElo "2525"]
[BlackElo "2530"]

1.d4 Nf6 2.c4 g6 3.Nc3 Bg7 4.e4 O-O 5.Nf3 d6 6.Be2 Na6 7.O-O e5 8.Re1 c6
9.Bf1 Bg4 10.d5 Nb4 11.Be2 a5 12.Be3 Bd7 13.a3  1/2-1/2

[Event "Credis"]
[Site "Biel"]
[Date "1997.07.28"]
[Round "7"]
[White "Hertneck, Gerald"]
[Black "Forster, Richard"]
[Result "1/2-1/2"]
[WhiteElo "2525"]
[BlackElo "2460"]

1.d4 Nf6 2.Nf3 g6 3.c4 Bg7 4.Nc3 O-O 5.e4 d6 6.Be2 e5 7.dxe5 dxe5 8.Qxd8 Rxd8
9.Bg5 Re8 10.Nd5 Nxd5 11.cxd5 c6 12.Bc4 cxd5 13.Bxd5 Nd7 14.Rc1  1/2-1/2

[Event "AUT-ch (Women)"]
[Site "Gallspach"]
[Date "1997.07.30"]
[Round "3"]
[White "Mira, Helene"]
[Black "Schwaninger, Ulrike"]
[Result "1-0"]
[WhiteElo "2131"]
[BlackElo "1776"]

1.d4 Nf6 2.c4 g6 3.Nc3 Bg7 4.e4 d6 5.Nf3 O-O 6.Be2 e5 7.d5 a5 8.Bg5 h6 9.Bh4 g5
10.Bg3 Nh5 11.h4 g4 12.Nh2 Nxg3 13.fxg3 h5 14.O-O Na6 15.Bd3 Nc5 16.Bc2 Bd7
17.Qe2 Qc8 18.Rf2 c6 19.Raf1 Qd8 20.Kh1 Qe7 21.Rf5 Bxf5 22.Rxf5 Nd7 23.Rxh5 Nf6
24.Rf5 Bh6 25.Nxg4 Nxg4 26.Qxg4+ Kh7 27.Qh5 f6 28.Qf3 Qg7 29.Ne2 cxd5 30.exd5 Kh8
31.Nc3 Rac8 32.Bd3 Qe7 33.Rh5 Qg7 34.Qe3 f5 35.Qxh6+  1-0

[Event "Budapest FS08 IM"]
[Site "Budapest"]
[Date "1997.08.02"]
[Round "1"]
[White "Ladanyi, Tibor"]
[Black "Pirisi, Gabor"]
[Result "1/2-1/2"]
[WhiteElo "2240"]
[BlackElo "2355"]

1.d4 Nf6 2.c4 g6 3.Nc3 Bg7 4.e4 O-O 5.Be2 d6 6.Nf3 e5 7.d5 a5 8.Bg5 h6 9.Bh4 Na6
10.Nd2 h5 11.Bg5 Qe8 12.O-O Nh7 13.Be3 Qe7 14.a3 Bd7 15.Rb1 h4 16.b4 axb4
17.axb4 f5 18.f3 f4 19.Bf2 Qg5 20.Kh1 Nf6 21.Qe1 h3 22.gxh3 Bxh3 23.Rg1 Qh5
24.c5 Rf7 25.c6 bxc6 26.Ra1 cxd5 27.Rxa6 Rxa6 28.Bxa6 Bf8 29.Qe2 Rh7 30.Be1 g5
31.Nxd5 Kf7 32.Bc4 Nxd5 33.exd5 Bf5 34.Ne4 g4 35.Rxg4 Bxg4 36.fxg4 Qg6 37.Bd3 Rh3
38.Bc2 Re3 39.Qf2 Rxe4 40.Bc3 Kg8 41.h3 Qh6 42.Bxe4 Qxh3+ 43.Qh2 Qf1+ 44.Qg1 Qh3+
45.Qh2 Qf1+ 46.Qg1 Qh3+  1/2-1/2